000 00298nam a22001337a 4500
003 OSt
008 240718b |||||||| |||| 00| 0 eng d
082 _a633.1
_bG13C
100 _aGallagher, E. J.
245 _aCereal Production
260 _bButtersworth
_c1984
300 _a354
942 _2ddc
_cBK
999 _c41786
_d41786